000 00292 a2200121 4500
001 65326
040 _cAnchieta - Pituba
240 1 0 _a1ª Avaliação de Redação, 2º série
_lpor
245 1 0 _a1ª Avaliação de Redação, 2º série
362 0 _a2018
650 4 _aLinguagem
942 _cBK
999 _c65326
_d65326